00343nam a2200097 4500008004100000022001300041245010800054246002800162260004400190300001100234240220b |||||||| |||| 00| 0 eng d a17296242 aSouth Asian journal 20 : Quarterly Magazine of South Asian Journalists & scholars : bApril - June 2008 aDemocracy in South Asia aLahore :bFree Media foundation, c2008 b128 p.